00241nam a2200097Ia 4500008004100000100001700041245002500058260004400083300000800127650000800135191201s2011 xx 000 0 und d aPANDEY, I.M. 0aFinancial management aN. delhibVikas Publication Housec2011 a879 aBBA